Мы : (Record no. 122249)
[ view plain ]
| 000 -LEADER | |
|---|---|
| fixed length control field | 01093nam a2200241 u 4500 |
| 001 - CONTROL NUMBER | |
| control field | 000327418 |
| 003 - CONTROL NUMBER IDENTIFIER | |
| control field | AM-YeHGA |
| 005 - DATE AND TIME OF LATEST TRANSACTION | |
| control field | 20250618072047.0 |
| 008 - FIXED-LENGTH DATA ELEMENTS--GENERAL INFORMATION | |
| fixed length control field | 040415s1991 ||| r 000 0 rus d |
| 020 ## - INTERNATIONAL STANDARD BOOK NUMBER | |
| International Standard Book Number | 5752903793 |
| 040 ## - CATALOGING SOURCE | |
| Original cataloging agency | AM-YeHGA |
| 041 1# - LANGUAGE CODE | |
| Language code of text/sound track or separate title | rus |
| Language code of original | eng |
| 090 ## - LOCALLY ASSIGNED LC-TYPE CALL NUMBER (OCLC); LOCAL CALL NUMBER (RLIN) | |
| -- | 123602 |
| 100 1# - MAIN ENTRY--PERSONAL NAME | |
| Personal name | Замятин, Евгений Иванович |
| 245 10 - TITLE STATEMENT | |
| Title | Мы : |
| Remainder of title | Роман / |
| Statement of responsibility, etc. | Евгений Замятин; О дивный новый мир : Роман / Олдос Хаксли; 1984 : Роман / Джордж Оруэлл; Послесл. В. Бугрова. |
| 260 ## - PUBLICATION, DISTRIBUTION, ETC. | |
| Place of publication, distribution, etc. | Свердловск : |
| Name of publisher, distributor, etc. | Сред.-Урал. кн. изд-во, |
| Date of publication, distribution, etc. | 1991. |
| 300 ## - PHYSICAL DESCRIPTION | |
| Extent | 592 с. : |
| Other physical details | портр., ил. |
| 505 0# - FORMATTED CONTENTS NOTE | |
| Title | Мы : Роман / |
| Statement of responsibility | Евгений Замятин; |
| Title | О дивный новый мир / |
| Statement of responsibility | Олдос Хаксли; |
| Title | 1984 / |
| Statement of responsibility | Джордж Оруэлл |
| 650 14 - SUBJECT ADDED ENTRY--TOPICAL TERM | |
| Topical term or geographic name entry element | Художественная литература |
| 9 (RLIN) | 4918 |
| 700 1# - ADDED ENTRY--PERSONAL NAME | |
| Personal name | Хаксли, Олдос |
| 700 1# - ADDED ENTRY--PERSONAL NAME | |
| Personal name | Оруэлл, Джордж |
| 700 1# - ADDED ENTRY--PERSONAL NAME | |
| Personal name | Бугров, Виталий |
| Relator term | послесл. |
| Relationship | aft |
| Withdrawn status | Lost status | Source of classification or shelving scheme | Damaged status | Not for loan | Collection | Home library | Current library | Date acquired | Total checkouts | Full call number | Barcode | Date last seen | Price effective from | Koha item type | Public note |
|---|---|---|---|---|---|---|---|---|---|---|---|---|---|---|---|
| Universal Decimal Classification | General | Fundamental Scientific Library | Fundamental Scientific Library | 22/12/2016 | PII/632410 | FL0264425 | 22/12/2016 | 22/12/2016 | Գրքեր / Books | 30 Days Loan |
ՀՀ Գիտությունների ազգային ակադեմիայի հիմնարար գիտական գրադարան = Fundamental Scientific Library of NAS RA
All site content, except where otherwise noted, is licensed under a